000 02243nam1a2200325 i 4500
001 RU\NLR\BIBL_A\012063711
005 20260409071912.0
010 _a9785604268247
035 _a(NLR Aleph) 012063711
090 _a11720055
_c11720055
100 _a20190725g20199999k y0rusy50 ca
101 0 _arus
_deng
102 _aRU
105 _a||||z||||||||
200 1 _aИнформационные технологии в моделировании и управлении: подходы, методы, решения
_eматериалы II Всероссийской научной конференции с международным участием, [22-24 апреля 2019 г.]
_eв двух частях
_fМинистерство образования и науки Российской Федерации, Федеральное государственное бюджетное образовательное учреждение высшего образования "Тольяттинский государственный университет"
210 _aТольятти
_cКачалин Александр Васильевич
_d2019
215 _d20
300 _aРез. англ.
313 _aПо пред.изд.2017г
606 _aИнформационные технологии
_jСъезды, совещания и т.п
_91740175
_3RU\NLR\AUTH\66778624
606 1 _aУправление
_jСъезды, совещания и т.п
_xИнформационные технологии
_92139273
_3RU\NLR\AUTH\661289603
686 1 _aЗ973.233я431(2)
686 1 _aУ21(2)9в612я431
711 1 2 _a"Информационные технологии в моделировании и управлении: подходы, методы, решения", всероссийская научная конференция с международным участием
_d2
_eТольятти
_f2019
_9672538
_3RU\NLR\AUTH\880506294
712 0 2 _4570
_aТольяттинский государственный университет
_9584015
_3RU\NLR\AUTH\8810042300
852 _aNLR
_b2019-3/19691
942 _cBOOK
980 _aNBR